| 000 | 00492nam a2200193Ia 4500 | ||
|---|---|---|---|
| 008 | 171025s9999 xx 000 0 und d | ||
| 020 | _a9780071713085 | ||
| 050 | _a808.5 | ||
| 050 | _bL437 2010 | ||
| 100 | _aLeanne, Shel | ||
| 245 | _aSay it like Obama and win! : | ||
| 245 | _bthe power of speaking with purpose and vision / | ||
| 245 | _cShel Leanne. | ||
| 260 | _aNew York : | ||
| 260 | _bMcGraw Hill, | ||
| 260 | _c2010 | ||
| 300 | _a268 pages : | ||
| 300 | _billustrations ; | ||
| 999 |
_c344560 _d344560 |
||